000 00682cam a2200205 4500
001 ABS61636
008 000000n1999 000 0 eng u
035 _a(Sirsi) u103279
100 _aArmstrong, L.
245 2 _aA border case
260 _c1999
490 _aBuilding
_v 264(8115) 3 December 1999, 66(1)
520 _aConsiders the implications of courts reviewing or revising architect's certificates under JCT contracts This has been a particular bone of contention in Scotland.
590 _aABS
650 _aSCOTLAND
650 _aARCHITECTS' CERTIFICATES
650 _aJCT FORMS OF CONTRACT
690 _aBUILT ENVIRONMENT-BUILDING CONTRACT FORMS
942 _n0
999 _c62063
_d62063